History Quiz

Random History or Politics Quiz
Score 0/60 Timer 12:00
0 Plays Today
Party % Correct
ConservativeDavid Cameron
98.9%
Liberal DemocratNick Clegg
96.1%
ConservativeGeorge Osbourne
82.9%
LabourEd Miliband
80.7%
ConservativeTheresa May
80.4%
LabourEd Balls
71.7%
ConservativeWilliam Hague
71.6%
Liberal DemocratVince Cable
71.2%
ConservativeBoris Johnson
65.8%
LabourGordon Brown
64.9%
ConservativeMichael Gove
64.7%
LabourTony Blair
63.6%
ConservativeJohn Major
60.4%
LabourAlan Johnson
56.9%
ConservativeMargeret Thatcher
56.4%
ConservativeIan Duncan Smith
55.5%
LabourHarriet Harman
54.3%
UK Independence PartyNigel Farage
53.5%
Liberal DemocratDanny Alexander
51.9%
ConservativeKen Clarke
51.4%
Conservative Jeremy Hunt
51.1%
Scotish National PartyAlex Salmond
48.5%
British National PartyNick Griffin
48.2%
ConservativeLiam Fox
47.4%
ConservativeJohn Bercow
45.5%
LabourDouglas Alexander
43.9%
Labour Yvette Cooper
41.1%
ConservativePhillip Hammond
40.7%
ConservativeEric Pickles
39.6%
Liberal DemocratChris Huhne
36.9%
Party % Correct
Green PartyCaroline Lucas
36.3%
ConservativeAndrew Lansley
35.2%
LabourAndy Burnham
31.5%
Scotish National PartyNicola Sturgeon
28.1%
LabourCarwyn Jones
26.3%
ConservativeBaroness Warsi
24.2%
Plaid CymruIeuan Jones
24%
Liberal DemocratsSimon Hughes
19.6%
LabourHilary Benn
19.1%
LabourSadiq Khan
16.2%
ConservativeAndrew Mitchell
15.4%
LabourAngela Eagle
14.2%
LabourMaria Eagle
13.5%
Liberal DemocratMichael Moore
13.4%
ConservativeCaroline Spelman
12.9%
LabourPeter Hain
11.3%
LabourCaroline Flint
10.8%
ConservativeLord Strathclyde
10%
LabourJim Murphy
9.5%
ConservativeOwen Paterson
8.3%
LabourJohn Denham
7.5%
ConservativeCheryl Gillian
6.3%
RESPECTSalma Yaqoob
6.2%
LabourIvan Lewis
5%
LabourMary Creagh
4.6%
LabourJohn Healey
4.5%
LabourShaun Woodward
3.7%
Green PartyAdrian Ramsay
2.8%
LabourMeg Hillier
2.4%
LabourAnne Mckechin
1.3%
Remove Ads.
Support Sporcle.
Get the best of Sporcle when you Go Orange. This ad-free experience offers more features, more stats, and more fun while also helping to support Sporcle. Thank you for becoming a member.

You're not logged in!

Compare scores with friends on all Sporcle quizzes.
OR
Log In

Show Comments

Extras

Created Nov 14, 2010ReportNominate
Tags:Politics Quiz, britain, British

Top Quizzes Today


Score Distribution

Your Account Isn't Verified!

In order to create a playlist on Sporcle, you need to verify the email address you used during registration. Go to your Sporcle Settings to finish the process.

Report this User

Report this user for behavior that violates our Community Guidelines.

Details: